Ebase : manual de comptabilitat energètica municipal / Antoni Gurguí i Ferrer ... [et al.] manual de comptabilitat energètica municipal / Antoni Gurguí i Ferrer ... [et al.]
ISBN:
84-7791-139-4
Descripción Física:
63 p. ; 24 cm + 1 disquet informàtic
Colección:
Manuals ; 6
Otros Autores:
Gurguí Ferrer, Antoni
MARC
| LEADER | 00000nam a2200000Ia 4500 | ||
|---|---|---|---|
| 001 | 9475 | ||
| 008 | 160829s1991 xx 000 0 cat d | ||
| 020 | |a 84-7791-139-4 | ||
| 080 | |a C-1-255 | ||
| 245 | |a Ebase : |b manual de comptabilitat energètica municipal / Antoni Gurguí i Ferrer ... [et al.] | ||
| 260 | |a Barcelona : |b Diputació de Barcelona. Servei del Medi Ambient, |c 1991 | ||
| 300 | |a 63 p. ; |c 24 cm + 1 disquet informàtic | ||
| 490 | |a Manuals ; 6 | ||
| 650 | |a Energia |x Consum |x Catalunya |x Programes d'ordinador |9 39635 | ||
| 700 | |a Gurguí Ferrer, Antoni |9 39636 | ||
| 710 | 1 | |a Barcelona (Catalunya : Província). |b Servei de Medi Ambient |9 53475 | |
| 901 | |a Arxiu | ||
| 942 | |n 1 | ||
| 952 | |0 0 |1 0 |4 0 |6 C1255 |7 1 |9 49129 |a Arxiu |b Arxiu |d 2016-12-01 |l 0 |o C-1-255 |p 9475 |r 2016-12-01 00:00:00 |w 2016-12-01 |y ARXIU | ||
| 999 | |c 52968 |d 52968 | ||